BIBLIOTECA

SENCICO

Estructuras de aire : (Registro nro. 3279)

Detalles MARC
000 -LEADER
fixed length control field 01532nam a2200277Ia 4500
003 - CONTROL NUMBER IDENTIFIER
control field PE SENCICO BE
005 - DATE AND TIME OF LATEST TRANSACTION
control field 20251020182609.0
008 - FIXED-LENGTH DATA ELEMENTS--GENERAL INFORMATION
fixed length control field 200515s9999 xx 000 0 und d
020 ## - INTERNATIONAL STANDARD BOOK NUMBER
International Standard Book Number 978-84-15967-84-2
040 ## - CATALOGING SOURCE
Original cataloging agency PE SENCICO BE
Transcribing agency PE SENCICO BE
041 ## - LANGUAGE CODE
Language code of text/sound track or separate title spa
082 ## - DEWEY DECIMAL CLASSIFICATION NUMBER
Classification number 624.17
Item number M12
100 1# - MAIN ENTRY--PERSONAL NAME
9 (RLIN) 1443
Personal name McLean, Will
Relator term autor
245 10 - TITLE STATEMENT
Title Estructuras de aire :
Remainder of title arquitectura, ingeniería y diseño /
Statement of responsibility, etc. Will McLean, Pete Silver
250 ## - EDITION STATEMENT
Edition statement 1a ed.
260 ## - PUBLICATION, DISTRIBUTION, ETC.
Place of publication, distribution, etc. Barcelona :
Name of publisher, distributor, etc. Promopress,
Date of publication, distribution, etc. 2015
300 ## - PHYSICAL DESCRIPTION
Extent 160 páginas :
Other physical details ilustraciones a color, láminas ;
Dimensions 17 cm.
520 3# - SUMMARY, ETC.
Summary, etc. El aire se emplea de muchas maneras en la construcción de estructuras ligeras y flexibles. Mediante numerosos fotografías, maquetas, dibujos y diagramas, Estructuras de aire explora cada una de las facetas de este tema: estructuras sostenidas por aire, estructuras de células de aire, estructuras flotantes o estructuras hinchables, entre muchas otras. Ademas, el libro reflexiona acerca de métodos de construcción que utilizan aire, como el acero inflado con aire o el hormigón celular.<br/>Este libro se dirige a arquitectos, ingenieros, diseñadores y estudiantes interesados en esta nueva tecnologías de construcción y producción de materiales.
650 10 - SUBJECT ADDED ENTRY--TOPICAL TERM
Topical term or geographic name entry element Diseño de estructuras
9 (RLIN) 16
650 20 - SUBJECT ADDED ENTRY--TOPICAL TERM
Topical term or geographic name entry element Análisis de estructuras
9 (RLIN) 741
650 20 - SUBJECT ADDED ENTRY--TOPICAL TERM
Topical term or geographic name entry element Modelos estructurales
9 (RLIN) 160
650 20 - SUBJECT ADDED ENTRY--TOPICAL TERM
Topical term or geographic name entry element Aire
9 (RLIN) 1444
650 20 - SUBJECT ADDED ENTRY--TOPICAL TERM
Topical term or geographic name entry element Tecnología de la construcción
9 (RLIN) 589
700 1# - ADDED ENTRY--PERSONAL NAME
9 (RLIN) 1445
Personal name Silver, Pete
Relator term autor
942 ## - ADDED ENTRY ELEMENTS (KOHA)
Koha item type Libros
Source of classification or shelving scheme Dewey Decimal Classification
Existencias
Fecha de la última vez que lo usaron Número de ingreso o de inventario Pago total Signatura topográfica completa Precio efectivo desde Tipo de documento Estado perdido Sistema de clasificación Estado dañado No es para préstamo Retirado Ubicación permanente Ubicación actual Fecha de adquisición Fuente de adquisición
15/05/2020 16611   624.17/M12 20/10/2025 Libros   Dewey Decimal Classification       Biblioteca Central Lima Biblioteca Central Lima 26/07/2023 Comprado de la librería Libun